KOHA-Header-6

Data Communication and Networking (Record no. 5885)

000 -LEADER
fixed length control field 00336nam a2200133Ia 4500
020 ## - INTERNATIONAL STANDARD BOOK NUMBER
ISBN 978-1-25-906475-3
100 ## - MAIN ENTRY--AUTHOR NAME
Personal name Behrouz A.Forouzan
245 #0 - TITLE STATEMENT
Title Data Communication and Networking
250 ## - EDITION STATEMENT
Edition statement 5th
260 ## - PUBLICATION, DISTRIBUTION, ETC. (IMPRINT)
Place of publication New Delhi
Name of publisher Mc Graw Hill
Year of publication 2017
300 ## - PHYSICAL DESCRIPTION
Number of Pages 1226
942 ## - ADDED ENTRY ELEMENTS (KOHA)
Koha item type Books
Holdings
Withdrawn status Lost status Collection code Permanent Location Current Location Shelving location Date acquired Full call number Accession Number Koha item type
    Computer Science MAJU MAJU   2019-09-15 004.6 9294 Computer Science

Powered by Koha